Т. 1 : Люминесценция; Оптика и спектроскопия

書目詳細資料
Parent link:Оптика и спектроскопия: сборник статей/ Академия наук СССР (АН СССР); Отделение физико-математических наук; под ред. С. Э. Фриша. Т. 1 : Люминесценция.— , 1963
語言:俄语
出版: 1963
主題:
格式: 圖書
KOHA link:https://koha.lib.tpu.ru/cgi-bin/koha/opac-detail.pl?biblionumber=98555

MARC

LEADER 00000nam2a2200000 4500
001 98555
005 20231031111348.0
035 |a (RuTPU)RU\TPU\book\105650 
090 |a 98555 
100 |a 20060620d1963 km y0rusy50 ca 
101 0 |a rus 
102 |a RU 
105 |a a z 001zy 
200 0 |a Т. 1 : Люминесценция 
210 |d 1963 
215 |a 364 с.  |c ил. 
320 |a Библиогр. в примеч. в конце ст. 
461 1 |0 (RuTPU)RU\TPU\book\133980  |t Оптика и спектроскопия  |o сборник статей  |f Академия наук СССР (АН СССР); Отделение физико-математических наук; под ред. С. Э. Фриша  |v Т. 1 : Люминесценция  |d 1963 
610 1 |a оптика 
610 1 |a люминесценция 
610 1 |a молекулы 
610 1 |a флуоресценция 
610 1 |a температура 
610 1 |a влияние 
610 1 |a кристаллы 
610 1 |a инфракрасные лучи 
610 1 |a растворы 
675 |a 535  |v 3 
801 1 |a RU  |b 63413507  |c 20060620  |g PSBO 
801 2 |a RU  |b 63413507  |c 20181030  |g PSBO 
942 |c BK